[Event "Stuttgarter SF 2 - SK Schwäbisch Hall"]
[Site "?"]
[Date "2022.11.06"]
[Round "3.2"]
[White "Beyer, Christian"]
[Black "Manoeuvre, Antoine"]
[Result "0-1"]
[WhiteElo "2274"]
[BlackElo "2302"]
[PlyCount "88"]
[EventDate "2022.??.??"]

1. Nc3 d5 2. e4 e6 3. d4 Nf6 4. e5 Nfd7 5. f4 c5 6. Nf3 Nc6 7. Be3 Rb8 8. Qd2 Qa5 9. dxc5 Bxc5 10. Nd4 O-O 11. Bb5 a6 12. Nb3 Bxe3 13. Qxe3 Qb6 14. Qxb6 Nxb6 15. Be2 Bd7 16. O-O-O Rfc8 17. h4 Rc7 18. h5 Rbc8 19. h6 Nb4 20. Nd4 Na4 21. Nxa4 Bxa4 22. b3 Nxc2 23. Kb1 Nxd4 24. Rxd4 Bb5 25. Bd1 Rc1+ 26. Kb2 Be2 27. Rd2 Bg4 28. Rf1 Bxd1 29. Rfxd1 Rxd1 30. Rxd1 gxh6 31. Rh1 Kg7 32. Rh3 Kg6 33. g4 Rc7 34. Rh2 d4 35. Rf2 d3 36. Rf3 d2 37. Rd3 h5 38. gxh5+ Kxh5 39. Rxd2 Kg4 40. Rh2 h5 41. Ka3 h4 42. Kb4 h3 43. Ka5 Kg3 44. Rh1 h2 0-1

[Event "Stuttgarter SF 2 - SK Schwäbisch Hall"]
[Site "?"]
[Date "2022.11.06"]
[Round "3.3"]
[White "Khalafova, Narmin"]
[Black "Lorscheid, Gerhard"]
[Result "1/2-1/2"]
[WhiteElo "2275"]
[BlackElo "2112"]
[PlyCount "91"]
[EventDate "2022.??.??"]

1. e4 d6 2. d4 Nf6 3. Nc3 e5 4. Nf3 Nbd7 5. Bc4 Be7 6. O-O O-O 7. Re1 c6 8. a4 h6 9. a5 Rb8 10. Ba2 b5 11. axb6 axb6 12. Nh4 exd4 13. Qxd4 Ne5 14. f4 Nh7 15. fxe5 Bxh4 16. Rd1 dxe5 17. Qxe5 Bd7 18. Bf4 Rb7 19. Qh5 Be7 20. e5 Qc8 21. h3 Bf5 22. Bb3 b5 23. Rf1 Be6 24. Ne4 Bxb3 25. cxb3 Qe6 26. Rf3 f5 27. Nd6 Bxd6 28. exd6 Qf7 29. Qxf7+ Kxf7 30. Rc3 Rc8 31. Ra6 Rd7 32. Raxc6 Rxc6 33. Rxc6 g5 34. Be5 Ke6 35. Bc3 Rxd6 36. Rc5 Rd5 37. Rc6+ Rd6 38. Rc8 Nf6 39. Rc5 Rd1+ 40. Kh2 Nd5 41. Rxb5 f4 42. Rb8 Ke7 43. Rb7+ Ke6 44. Rb8 Ke7 45. Rb7+ Ke6 46. Rb8 1/2-1/2

[Event "Stuttgarter SF 2 - SK Schwäbisch Hall"]
[Site "?"]
[Date "2022.11.06"]
[Round "3.4"]
[White "Fritsch, Rolf"]
[Black "Eric, Jovana"]
[Result "1-0"]
[WhiteElo "2183"]
[BlackElo "2245"]
[PlyCount "85"]
[EventDate "2022.??.??"]

1. c4 e5 2. g3 Nf6 3. Bg2 c6 4. d4 e4 5. Nc3 d5 6. Bg5 Bb4 7. cxd5 cxd5 8. e3 O-O 9. Nge2 h6 10. Bxf6 Qxf6 11. O-O Be6 12. Qb3 Bxc3 13. Nxc3 Qe7 14. f3 exf3 15. Bxf3 Nc6 16. Bxd5 Bh3 17. Rfe1 Rae8 18. Bg2 Bg4 19. Nd5 Qd7 20. Nf4 Kh8 21. Nd3 Qe7 22. Qc3 Rc8 23. d5 Nb8 24. Qd4 Bf5 25. e4 Bh7 26. d6 Qd8 27. Rac1 Nc6 28. Qd5 Qb6+ 29. Qc5 Qa6 30. Nb4 Nxb4 31. Qxb4 Rcd8 32. e5 Qxa2 33. Ra1 Qe6 34. Rxa7 f6 35. Qxb7 Qg4 36. e6 Rb8 37. e7 Rg8 38. Qxb8 Rxb8 39. d7 Qd4+ 40. Kh1 Qf2 41. e8=Q+ Bg8 42. d8=Q Rxd8 43. Qe7 1-0

[Event "Stuttgarter SF 2 - SK Schwäbisch Hall"]
[Site "?"]
[Date "2022.11.06"]
[Round "3.5"]
[White "Kapusta, Petr"]
[Black "Schwarzburger, Lothar"]
[Result "1/2-1/2"]
[WhiteElo "2150"]
[BlackElo "2153"]
[PlyCount "68"]
[EventDate "2022.??.??"]

1. e4 c5 2. Nf3 d6 3. d4 cxd4 4. Nxd4 Nf6 5. Nc3 a6 6. Be2 e5 7. Nb3 Qc7 8. O-O Be7 9. Kh1 b5 10. a4 b4 11. Nd5 Nxd5 12. Qxd5 Bb7 13. Qd3 Nd7 14. Be3 O-O 15. f3 a5 16. Qd1 Rfc8 17. Bd3 Nf6 18. Nd2 d5 19. Bg5 dxe4 20. fxe4 Ba6 21. Bxf6 Bxf6 22. b3 Rd8 23. Bxa6 Rxa6 24. Qe2 Rad6 25. Nc4 Rd4 26. Rad1 Qc5 27. Rxd4 Rxd4 28. h3 Bd8 29. Qh5 g6 30. Qf3 f6 31. Rd1 Kf7 32. Rd3 Bb6 33. Rd1 Rxd1+ 34. Qxd1 Ke7 1/2-1/2

[Event "Stuttgarter SF 2 - SK Schwäbisch Hall"]
[Site "?"]
[Date "2022.11.06"]
[Round "3.6"]
[White "Migl, Dieter"]
[Black "Buran, Jaroslav"]
[Result "1/2-1/2"]
[WhiteElo "2099"]
[BlackElo "2012"]
[PlyCount "49"]
[EventDate "2022.??.??"]

1. e4 Nf6 2. e5 Nd5 3. d4 d6 4. c4 Nb6 5. f4 dxe5 6. fxe5 Bf5 7. Nc3 e6 8. Nf3 Nc6 9. Be3 Bg4 10. Be2 Bxf3 11. gxf3 Qh4+ 12. Bf2 Qf4 13. c5 Nd7 14. O-O O-O-O 15. Qa4 f6 16. exf6 gxf6 17. Kh1 Rg8 18. Rad1 Nb6 19. Qb3 Nd5 20. Rg1 Rxg1+ 21. Kxg1 Bh6 22. Nxd5 Rxd5 23. h4 Qf5 24. Qd3 Qxd3 25. Rxd3 1/2-1/2

[Event "Stuttgarter SF 2 - SK Schwäbisch Hall"]
[Site "?"]
[Date "2022.11.06"]
[Round "3.7"]
[White "Krenedics, Gregor"]
[Black "Gabriel, Robert"]
[Result "1/2-1/2"]
[WhiteElo "2000"]
[BlackElo "2195"]
[PlyCount "83"]
[EventDate "2022.??.??"]

1. Nf3 d5 2. g3 Nf6 3. Bg2 c6 4. O-O g6 5. d4 Bg7 6. c4 Ne4 7. Qb3 O-O 8. Rd1 Qb6 9. cxd5 Qxb3 10. axb3 cxd5 11. Nc3 Nxc3 12. bxc3 a6 13. c4 e6 14. e3 Nc6 15. Ba3 Rd8 16. c5 h6 17. h4 f6 18. Ne1 Bd7 19. Bf1 Be8 20. b4 e5 21. b5 axb5 22. Bxb5 exd4 23. exd4 Nxd4 24. Bxe8 Ne2+ 25. Kf1 Rxe8 26. Bb2 Rxa1 27. Bxa1 d4 28. Bxd4 Nxd4 29. Rxd4 Kf7 30. Rb4 Re7 31. Rb6 Rc7 32. Nd3 f5 33. Ke2 Bd4 34. h5 g5 35. Rxh6 Re7+ 36. Kf3 Bf6 37. Rh7+ Ke6 38. Rxe7+ Bxe7 39. g4 Bf8 40. Kg3 f4+ 41. Kf3 Kd5 42. Ke2 1/2-1/2

[Event "TSV Schönaich 2 - SK Bebenhausen"]
[Site "?"]
[Date "2022.11.06"]
[Round "3.2"]
[White "Vyval, Volodymyr"]
[Black "Braeuning, Rudolf Wilhelm"]
[Result "1-0"]
[WhiteElo "2305"]
[BlackElo "2215"]
[PlyCount "119"]
[EventDate "2022.??.??"]

1. e4 c5 2. Nf3 Nc6 3. d4 cxd4 4. Nxd4 g6 5. c4 Nf6 6. Nc3 d6 7. f3 Nxd4 8. Qxd4 Bg7 9. Be3 O-O 10. Qd2 a5 11. Na4 Nd7 12. O-O-O Qc7 13. Kb1 Nc5 14. Nc3 Be6 15. g4 Rfc8 16. h4 Nd7 17. h5 Ne5 18. hxg6 Nxc4 19. Bxc4 Qxc4 20. Bd4 Bxd4 21. gxh7+ Kg7 22. Qxd4+ Qxd4 23. Rxd4 Rh8 24. Nd5 Bxd5 25. Rxd5 Rxh7 26. Rg5+ Kh8 27. Rc1 e6 28. a4 Rh3 29. Rc3 Ra6 30. Ka2 e5 31. Rc8+ Kh7 32. Rf5 Rb6 33. Rxf7+ Kg6 34. Rcc7 Rg3 35. Rg7+ Kh6 36. g5+ Kh5 37. Rxb7 Rxb7 38. Rxb7 Rxf3 39. b4 axb4 40. Rxb4 Kxg5 41. a5 Rf8 42. Kb3 Ra8 43. Ra4 Kf4 44. a6 Ke3 45. a7 Kd3 46. Kb2 Kd2 47. Ra3 d5 48. exd5 e4 49. d6 e3 50. d7 e2 51. Ra1 e1=Q 52. Rxe1 Kxe1 53. Kc3 Ke2 54. Kc4 Ke3 55. Kc5 Ke4 56. Kb6 Kd5 57. Kb7 Rd8 58. Kc7 Ra8 59. d8=Q+ Rxd8 60. Kxd8 1-0

[Event "TSV Schönaich 2 - SK Bebenhausen"]
[Site "?"]
[Date "2022.11.06"]
[Round "3.4"]
[White "Kocharin, Timur"]
[Black "Hartmann, Martin"]
[Result "0-1"]
[WhiteElo "2103"]
[BlackElo "2131"]
[PlyCount "138"]
[EventDate "2022.??.??"]

1. d4 Nf6 2. c4 e6 3. Nf3 c5 4. d5 exd5 5. cxd5 d6 6. Nc3 g6 7. e4 Bg7 8. Be3 O-O 9. h3 Re8 10. Nd2 a6 11. a4 Nbd7 12. Bd3 Rb8 13. O-O Qe7 14. a5 h6 15. Nc4 Ne5 16. Nxe5 Qxe5 17. Qd2 b5 18. axb6 Rxb6 19. Rae1 Nd7 20. f4 Qe7 21. Qf2 Bb7 22. Kh1 Rb8 23. Re2 Bc8 24. e5 dxe5 25. fxe5 Bxe5 26. Bxh6 Rf6 27. Qe1 Rxf1+ 28. Qxf1 Qh4 29. Be3 Bb7 30. Qf3 Rd8 31. Bf2 Qf6 32. Qxf6 Bxf6 33. Ne4 Bxd5 34. Nxf6+ Nxf6 35. Bxa6 Ne4 36. Kh2 Nxf2 37. Rxf2 Rd6 38. Bf1 Be4 39. Kg3 Kg7 40. Kf4 Rd4 41. Ke3 f5 42. Rd2 Rb4 43. Rd7+ Kf6 44. Rc7 Rb3+ 45. Kf2 Rxb2+ 46. Kg3 Rc2 47. h4 Bd5 48. Rd7 Be6 49. Rc7 c4 50. Kf3 Ke5 51. Rg7 Bd5+ 52. Kg3 c3 53. Rxg6 Rxg2+ 54. Bxg2 c2 55. Bxd5 Kxd5 56. Rf6 c1=Q 57. Rxf5+ Ke4 58. Rg5 Qg1+ 59. Kh3 Qh1+ 60. Kg3 Qf3+ 61. Kh2 Kf4 62. Rg2 Qd3 63. h5 Qh7 64. Kg1 Qxh5 65. Rf2+ Ke3 66. Rh2 Qd1+ 67. Kg2 Qe2+ 68. Kg3 Qf3+ 69. Kh4 Kf4 0-1

[Event "TSV Schönaich 2 - SK Bebenhausen"]
[Site "?"]
[Date "2022.11.06"]
[Round "3.5"]
[White "Latzke, Boris"]
[Black "Reck, Moritz"]
[Result "0-1"]
[WhiteElo "2195"]
[BlackElo "2167"]
[PlyCount "112"]
[EventDate "2022.??.??"]

1. d4 g6 2. c4 Bg7 3. e4 d6 4. Nc3 Nc6 5. Be3 e5 6. Nge2 exd4 7. Nxd4 Nf6 8. Be2 O-O 9. O-O Re8 10. f3 h6 11. Qd2 Kh7 12. Rfd1 Nxd4 13. Bxd4 Be6 14. Rac1 b6 15. Bf2 Nd7 16. Nb5 Ne5 17. Nd4 Bd7 18. Re1 Re7 19. f4 Nc6 20. Nxc6 Bxc6 21. Bh4 f6 22. Bd3 Qd7 23. h3 Kh8 24. Re2 g5 25. Bf2 Rae8 26. Rce1 Qc8 27. Bd4 Qa8 28. Qc3 gxf4 29. Bxf6 Rf8 30. e5 Bxf6 31. exf6 Ref7 32. Be4 Rxf6 33. Qf3 Bxe4 34. Rxe4 Qc6 35. b4 a5 36. a3 axb4 37. axb4 b5 38. Qc3 f3 39. gxf3 bxc4 40. Re6 Qxf3 41. Qxf3 Rxf3 42. Rxh6+ Kg7 43. Rh4 d5 44. Rg4+ Kh6 45. Kg2 R3f6 46. Re7 R8f7 47. Re8 Rg6 48. Rd8 c6 49. b5 cxb5 50. Rxd5 b4 51. Rb5 b3 52. Rb4 Rc7 53. Kf3 Rxg4 54. Kxg4 c3 55. Rxb3 c2 56. Rb6+ Kg7 0-1

[Event "TSV Schönaich 2 - SK Bebenhausen"]
[Site "?"]
[Date "2022.11.06"]
[Round "3.6"]
[White "Petzold, Tristan"]
[Black "Carstens, Andreas"]
[Result "0-1"]
[WhiteElo "2122"]
[BlackElo "2138"]
[PlyCount "92"]
[EventDate "2022.??.??"]

1. e4 e6 2. d4 d5 3. Nc3 Bb4 4. e5 c5 5. a3 Bxc3+ 6. bxc3 Qc7 7. Bd2 Ne7 8. Bd3 Nbc6 9. Qg4 Bd7 10. Nf3 O-O-O 11. O-O c4 12. Be2 Nf5 13. Nh4 Nce7 14. Bg5 Rdg8 15. Qh5 Be8 16. Nxf5 Nxf5 17. g4 f6 18. Qh3 Nxd4 19. cxd4 fxg5 20. Qe3 h6 21. f4 gxf4 22. Rxf4 Rf8 23. Raf1 Qe7 24. Qc3 b6 25. Bxc4 dxc4 26. Qxc4+ Kb7 27. Rxf8 Rxf8 28. Rxf8 Qxf8 29. Qxe6 Qf7 30. Qf5 Qd5 31. Qd3 Bb5 32. Qd2 Bc6 33. h3 Qh1+ 34. Kf2 Qg2+ 35. Ke1 Qxh3 36. c4 Qh1+ 37. Kf2 Qg2+ 38. Ke1 Qg1+ 39. Ke2 Qxg4+ 40. Kd3 Be4+ 41. Kc3 Qf3+ 42. Kb2 Qg2 43. Qxg2 Bxg2 44. d5 h5 45. Kc3 h4 46. Kd4 Kc7 0-1

[Event "TSV Schönaich 2 - SK Bebenhausen"]
[Site "?"]
[Date "2022.11.06"]
[Round "3.7"]
[White "Roth, Juergen Eugen"]
[Black "Kilinc, Can"]
[Result "1/2-1/2"]
[WhiteElo "2160"]
[BlackElo "1970"]
[PlyCount "100"]
[EventDate "2022.??.??"]

1. Nf3 Nf6 2. g3 g6 3. Bg2 Bg7 4. O-O O-O 5. c4 c5 6. d4 cxd4 7. Nxd4 Nc6 8. Nc3 Qb6 9. Nc2 d6 10. Rb1 Bd7 11. Be3 Qd8 12. h3 Qc8 13. Kh2 Ne5 14. Nd5 Nxd5 15. cxd5 Bf5 16. Rc1 Bxc2 17. Qxc2 Rd8 18. Qb3 Qb8 19. Rc2 Rc8 20. Rfc1 Rxc2 21. Qxc2 Kf8 22. Bd2 b5 23. b3 a5 24. Bxa5 Kg8 25. Bb4 Qa7 26. f4 Nd7 27. a3 Bd4 28. Qd3 Rb8 29. e4 Bc5 30. Qc3 Ra8 31. e5 Rc8 32. Qb2 Qb8 33. e6 fxe6 34. dxe6 Nf6 35. Bxc5 dxc5 36. Qe5 Qb6 37. f5 c4 38. bxc4 bxc4 39. g4 g5 40. Qc3 Qd6+ 41. Kh1 Qf4 42. Rf1 Qd6 43. a4 Rc5 44. Rb1 Qd3 45. Qxd3 cxd3 46. Rb8+ Kg7 47. Rd8 Rc4 48. Rxd3 Rxa4 49. Rb3 Rd4 50. Rb7 Kf8 1/2-1/2

[Event "TSV Schönaich 2 - SK Bebenhausen"]
[Site "?"]
[Date "2022.11.06"]
[Round "3.8"]
[White "Giebler, Kai"]
[Black "Khadempour, Farhad"]
[Result "1-0"]
[WhiteElo "1880"]
[BlackElo "2181"]
[PlyCount "53"]
[EventDate "2022.??.??"]

1. e4 e6 2. d4 d5 3. Nc3 Nf6 4. Bg5 Be7 5. e5 Nfd7 6. Bxe7 Qxe7 7. f4 O-O 8. Nf3 c5 9. Bd3 f6 10. O-O Nc6 11. exf6 Qxf6 12. f5 cxd4 13. fxe6 Nb6 14. Nb5 Qe7 15. Nfxd4 Rxf1+ 16. Qxf1 Nxd4 17. Nxd4 Bxe6 18. Qe2 Re8 19. Re1 Qc5 20. Bxh7+ Kh8 21. Qh5 Qxd4+ 22. Kh1 Qf2 23. Bg6+ Kg8 24. Qh7+ Kf8 25. Qh8+ Ke7 26. Qxe8+ Kd6 27. Qxe6+ 1-0

[Event "SK Bebenhausen - SF Deizisau 2"]
[Site "?"]
[Date "2022.11.27"]
[Round "4.1"]
[White "Koellner, Ruben Gideon"]
[Black "Braun, Georg"]
[Result "1-0"]
[WhiteElo "2412"]
[BlackElo "2402"]
[PlyCount "91"]
[EventDate "2022.??.??"]

1. d4 e6 2. Nf3 Nf6 3. Bg5 d5 4. e3 c5 5. c3 Nc6 6. Nbd2 h6 7. Bh4 Be7 8. Bd3 b6 9. Qa4 Bd7 10. Qc2 Nh5 11. Bxe7 Qxe7 12. O-O O-O 13. Ne5 Nf6 14. f4 Ne8 15. Rf3 Nd6 16. g4 Be8 17. g5 f6 18. Nxc6 Bxc6 19. gxh6 gxh6 20. Kh1 f5 21. Rh3 Qf6 22. Nf3 Kh8 23. Ne5 Be8 24. Rg1 Rg8 25. Rxg8+ Kxg8 26. Qg2+ Kh8 27. Qg5 Qxg5 28. fxg5 Nf7 29. Nxf7+ Bxf7 30. Rxh6+ Kg7 31. Bb5 Rd8 32. Kg2 a6 33. Be2 Re8 34. Kg3 b5 35. a3 b4 36. axb4 cxb4 37. cxb4 Rb8 38. Bxa6 Rxb4 39. Bc8 Rb6 40. Rf6 Rb3 41. Kf4 Rxb2 42. Bxe6 Bxe6 43. Rxe6 Rxh2 44. Kxf5 Re2 45. Re7+ Kf8 46. Re5 1-0

[Event "SK Bebenhausen - SF Deizisau 2"]
[Site "?"]
[Date "2022.11.27"]
[Round "4.2"]
[White "Wendler, David"]
[Black "Dabo-Peranic, Robert"]
[Result "1/2-1/2"]
[WhiteElo "2250"]
[BlackElo "2327"]
[PlyCount "96"]
[EventDate "2022.??.??"]

1. e4 c6 2. d4 d5 3. exd5 cxd5 4. c4 Nf6 5. Nc3 Nc6 6. Bg5 Be6 7. Be2 Qa5 8. Bf3 dxc4 9. d5 O-O-O 10. Bd2 Nxd5 11. Nxd5 Rxd5 12. Bxa5 Rxd1+ 13. Rxd1 Nxa5 14. Ne2 Bd7 15. O-O e6 16. b3 b5 17. bxc4 Nxc4 18. a4 Nb6 19. axb5 Bxb5 20. Rb1 Bxe2 21. Bxe2 Bd6 22. Ra1 Kb8 23. Ba6 Bc7 24. Rab1 Rd8 25. Rfd1 Rxd1+ 26. Rxd1 Nd5 27. Bc4 Nb6 28. Ba6 Nd5 29. Bc4 Nb6 30. Bd3 g6 31. Ba6 Nd5 32. Bc4 Nb6 33. Bb5 a5 34. Be8 f6 35. Bf7 e5 36. g4 g5 37. Kg2 Kb7 38. Kf3 e4+ 39. Kxe4 Bxh2 40. Ra1 Ka6 41. Ra2 Be5 42. Be8 Nc4 43. Kd5 Nb2 44. Kc5 Nd3+ 45. Kc4 Nb2+ 46. Kb3 Nd3 47. Kc4 Nb2+ 48. Kb3 Nd3 1/2-1/2

[Event "SK Bebenhausen - SF Deizisau 2"]
[Site "?"]
[Date "2022.11.27"]
[Round "4.3"]
[White "Koellner, Aaron Noah"]
[Black "Braeuning, Rudolf Wilhelm"]
[Result "1/2-1/2"]
[WhiteElo "2163"]
[BlackElo "2215"]
[PlyCount "143"]
[EventDate "2022.??.??"]

1. d4 d5 2. Nf3 Nf6 3. Bf4 c5 4. e3 Nc6 5. Nbd2 Bg4 6. c3 e6 7. h3 Bxf3 8. Nxf3 Bd6 9. Bb5 Bxf4 10. exf4 Qb6 11. Qa4 O-O 12. dxc5 Qxc5 13. O-O a6 14. Bxc6 Qxc6 15. Qd4 Rac8 16. Ne5 Qc5 17. Qd3 Rfd8 18. Rad1 Ne4 19. c4 f6 20. cxd5 Nxf2 21. Rxf2 Rxd5 22. Qf3 Rxd1+ 23. Qxd1 fxe5 24. Qd7 exf4 25. Qxe6+ Kh8 26. Kh2 Rf8 27. Rf3 h6 28. Rc3 Qf5 29. Qe7 Rf7 30. Qe8+ Kh7 31. Rc5 Qxc5 32. Qxf7 Qe5 33. Kh1 Qe1+ 34. Kh2 Qg3+ 35. Kh1 Qe1+ 36. Kh2 Qe5 37. Kh1 b5 38. b3 Qe1+ 39. Kh2 Qg3+ 40. Kh1 Qe1+ 41. Kh2 Qe5 42. Kh1 h5 43. Qb7 a5 44. Qa8 b4 45. Qc6 g6 46. Qd7+ Kh6 47. Qd8 Kg7 48. Qd7+ Kf6 49. Qd8+ Kf7 50. Qd7+ Kf8 51. Qd8+ Kg7 52. Qd7+ Kh6 53. Qd8 Qe1+ 54. Kh2 Qg3+ 55. Kh1 f3 56. Qf8+ Kg5 57. Qd8+ Kf5 58. Qxa5+ Kf6 59. Qd8+ Kg7 60. Qe7+ Kg8 61. Qe8+ Kg7 62. Qe7+ Kg8 63. Qd8+ Kh7 64. Qe7+ Kg8 65. Qe6+ Kg7 66. Qe7+ Kg8 67. Qe6+ Kg7 68. Qe7+ Kg8 69. Qe8+ Kg7 70. Qe7+ Kg8 71. Qe8+ Kg7 72. Qe7+ 1/2-1/2

[Event "SK Bebenhausen - SF Deizisau 2"]
[Site "?"]
[Date "2022.11.27"]
[Round "4.4"]
[White "Hartmann, Martin"]
[Black "Ruf, Matthias"]
[Result "1/2-1/2"]
[WhiteElo "2131"]
[BlackElo "2332"]
[PlyCount "64"]
[EventDate "2022.??.??"]

1. e4 d6 2. d4 Nf6 3. Nc3 Nbd7 4. g4 h6 5. h3 a6 6. Nf3 c5 7. Bg2 cxd4 8. Nxd4 g6 9. O-O e5 10. Nb3 g5 11. a4 Be7 12. a5 Nf8 13. Be3 Be6 14. Nd5 Bxd5 15. exd5 Ng6 16. c4 Nf4 17. Bxf4 gxf4 18. Qd3 Rg8 19. c5 h5 20. f3 dxc5 21. Rad1 Qd6 22. Rfe1 Rd8 23. Qf5 c4 24. Nc1 Qc5+ 25. Kh1 Rxd5 26. Rxd5 Qxd5 27. Rxe5 Qd1+ 28. Kh2 Nd7 29. Rd5 Qxc1 30. Rxd7 Qe1 31. Rxb7 Qg3+ 32. Kh1 Qe1+ 1/2-1/2

[Event "SK Bebenhausen - SF Deizisau 2"]
[Site "?"]
[Date "2022.11.27"]
[Round "4.5"]
[White "Gustain, Marc"]
[Black "Latzke, Boris"]
[Result "0-1"]
[WhiteElo "2189"]
[BlackElo "2195"]
[PlyCount "76"]
[EventDate "2022.??.??"]

1. e4 e5 2. Nc3 Nf6 3. Nf3 Nc6 4. d4 exd4 5. Nxd4 Bb4 6. Nxc6 bxc6 7. Bd3 d5 8. exd5 cxd5 9. O-O O-O 10. Bg5 c6 11. Qf3 Bd6 12. Bxf6 Qxf6 13. Qxf6 gxf6 14. Ne2 Rb8 15. b3 Re8 16. Ng3 Re5 17. f4 Re3 18. Rad1 Bg4 19. Rb1 Bc5 20. Kh1 Rbe8 21. b4 Bb6 22. Rb3 Rxg3 23. hxg3 f5 24. c4 Bd4 25. cxd5 cxd5 26. Ra3 Re3 27. Rc1 Kg7 28. Rc6 Bd1 29. Rc1 Re1+ 30. Kh2 Bg1+ 31. Kh1 Be3+ 32. Kh2 Bxc1 33. Rxa7 Be3 34. Rd7 Bg1+ 35. Kh1 Bg4 36. Rxd5 Bf2+ 37. Kh2 Re6 38. Bxf5 Rh6# 0-1

[Event "SK Bebenhausen - SF Deizisau 2"]
[Site "?"]
[Date "2022.11.27"]
[Round "4.6"]
[White "Carstens, Andreas"]
[Black "Valkova, Angelika"]
[Result "1-0"]
[WhiteElo "2138"]
[BlackElo "2081"]
[PlyCount "73"]
[EventDate "2022.??.??"]

1. e4 e6 2. d4 d5 3. Nd2 c5 4. exd5 Qxd5 5. Ngf3 cxd4 6. Bc4 Qd6 7. O-O Nf6 8. Nb3 Nc6 9. Nbxd4 Nxd4 10. Nxd4 Be7 11. b3 O-O 12. Bb2 a6 13. Qf3 Qc7 14. Rad1 Bd6 15. h3 Re8 16. a4 Bd7 17. Rfe1 e5 18. Nf5 e4 19. Nh6+ Kf8 20. Qe2 Be6 21. Bxe6 Rxe6 22. Nf5 Bb4 23. Rf1 Rc8 24. c4 Qf4 25. Ne3 Bd6 26. g3 Qh6 27. Rxd6 Rxd6 28. Ba3 Rcd8 29. Rd1 Ne8 30. Nf5 Qe6 31. Nxd6 Nxd6 32. Qd2 Ke7 33. c5 Qxb3 34. cxd6+ Kd7 35. Qc1 Rc8 36. Qxc8+ Kxc8 37. d7+ 1-0

[Event "SK Bebenhausen - SF Deizisau 2"]
[Site "?"]
[Date "2022.11.27"]
[Round "4.7"]
[White "Brenner, Markus"]
[Black "Roth, Juergen Eugen"]
[Result "1/2-1/2"]
[WhiteElo "2089"]
[BlackElo "2160"]
[PlyCount "72"]
[EventDate "2022.??.??"]

1. e4 g6 2. d4 Bg7 3. Nc3 d6 4. f4 Nf6 5. Nf3 O-O 6. Be3 b6 7. e5 dxe5 8. dxe5 Ng4 9. Bg1 Bb7 10. Be2 Nc6 11. h3 Nh6 12. Bf2 f6 13. Bc4+ Kh8 14. Qe2 fxe5 15. fxe5 Nf7 16. Rd1 Qc8 17. Bg3 Na5 18. Bd5 Ba6 19. Qe4 c6 20. Bxf7 Rxf7 21. b3 Nb7 22. Ne2 Nc5 23. Qe3 Ne6 24. O-O c5 25. c4 Bb7 26. Nc3 Qf8 27. Ng5 Nxg5 28. Qxg5 Rd8 29. Qg4 Rxd1 30. Rxd1 Rf5 31. Qe2 Qc8 32. Nd5 Qe6 33. Nf4 Qc6 34. Nd5 Qe6 35. Nf4 Qc6 36. Nd5 Qe6 1/2-1/2

[Event "SK Bebenhausen - SF Deizisau 2"]
[Site "?"]
[Date "2022.11.27"]
[Round "4.8"]
[White "Khadempour, Farhad"]
[Black "Rempeli, Alex"]
[Result "1/2-1/2"]
[WhiteElo "2181"]
[BlackElo "2074"]
[PlyCount "44"]
[EventDate "2022.??.??"]

1. c4 e6 2. Nf3 d5 3. e3 Nf6 4. b3 b6 5. Bb2 Bb7 6. Nc3 Nbd7 7. d4 Bd6 8. Bd3 O-O 9. cxd5 exd5 10. Qc2 Qe7 11. O-O a6 12. Ne2 Ne4 13. Rac1 Rac8 14. Ng3 f5 15. Qe2 Ra8 16. Rc2 g6 17. a4 Rfe8 18. Rfc1 Rec8 19. Re1 Bb4 20. Rec1 Bd6 21. Re1 Bb4 22. Rec1 Bd6 1/2-1/2

[Event "SK Schwäbisch Hall - TSV Schönaich 2"]
[Site "?"]
[Date "2022.11.27"]
[Round "4.1"]
[White "Krassowizkij, Jaroslaw"]
[Black "Guichard, Pauline"]
[Result "1/2-1/2"]
[WhiteElo "2436"]
[BlackElo "2381"]
[PlyCount "47"]
[EventDate "2022.??.??"]

1. e4 e5 2. Nf3 Nc6 3. Bc4 Nf6 4. d3 Bc5 5. c3 a6 6. O-O d6 7. a4 Ba7 8. Re1 O-O 9. h3 Ne7 10. Nbd2 Ng6 11. Nf1 c6 12. Bb3 d5 13. Bg5 h6 14. Bxf6 Qxf6 15. exd5 cxd5 16. Ne3 d4 17. Nc4 dxc3 18. bxc3 e4 19. dxe4 Qxc3 20. Rc1 Qf6 21. e5 Qe7 22. Ne3 Be6 23. Bxe6 Qxe6 24. Qd6 1/2-1/2

[Event "SK Schwäbisch Hall - TSV Schönaich 2"]
[Site "?"]
[Date "2022.11.27"]
[Round "4.3"]
[White "Brunner, Jan"]
[Black "Danada, Tomas"]
[Result "1/2-1/2"]
[WhiteElo "2193"]
[BlackElo "2273"]
[PlyCount "74"]
[EventDate "2022.??.??"]

1. d4 Nf6 2. c4 e6 3. Nf3 d5 4. g3 Bb4+ 5. Bd2 Bd6 6. Bg2 c6 7. Qc2 Nbd7 8. O-O O-O 9. Bg5 h6 10. Bxf6 Nxf6 11. Nbd2 b6 12. e4 Be7 13. e5 Nd7 14. cxd5 cxd5 15. Rfc1 a5 16. Bf1 Ba6 17. Bxa6 Rxa6 18. Qa4 Ra7 19. Rc2 Rc7 20. Rac1 Rxc2 21. Qxc2 Qb8 22. Qc7 Qxc7 23. Rxc7 Rd8 24. Kf1 Kf8 25. Ke2 Ke8 26. Ne1 Ra8 27. Kd3 Kd8 28. Rc1 Rb8 29. f4 Rc8 30. Rxc8+ Kxc8 31. g4 Nb8 32. Ndf3 Nc6 33. Nc2 a4 34. Kc3 Kd7 35. Nfe1 Na5 36. b3 axb3 37. axb3 Nc6 1/2-1/2

[Event "SK Schwäbisch Hall - TSV Schönaich 2"]
[Site "?"]
[Date "2022.11.27"]
[Round "4.4"]
[White "Khalafova, Narmin"]
[Black "Kocharin, Timur"]
[Result "1/2-1/2"]
[WhiteElo "2275"]
[BlackElo "2103"]
[PlyCount "66"]
[EventDate "2022.??.??"]

1. e4 c5 2. Nf3 d6 3. Bb5+ Nd7 4. O-O a6 5. Bd3 Ngf6 6. c3 g6 7. Bc2 Bg7 8. d4 e5 9. a4 O-O 10. Na3 cxd4 11. cxd4 exd4 12. Re1 Re8 13. Nxd4 d5 14. exd5 Rxe1+ 15. Qxe1 Nxd5 16. Nf3 h6 17. Bxg6 fxg6 18. Qe6+ Kh7 19. Qxd5 Qe7 20. Bf4 Qf6 21. Bd6 Nb6 22. Qc5 Nxa4 23. Qc7 Be6 24. Re1 Qf7 25. Qxf7 Bxf7 26. Re7 Kg8 27. Rxb7 Rd8 28. Rb8 Rxb8 29. Bxb8 Bxb2 30. Nc2 a5 31. Ne5 Nb6 32. Bc7 Bxe5 33. Bxe5 Nc4 1/2-1/2

[Event "SK Schwäbisch Hall - TSV Schönaich 2"]
[Site "?"]
[Date "2022.11.27"]
[Round "4.5"]
[White "Reck, Moritz"]
[Black "Svana, Peter"]
[Result "0-1"]
[WhiteElo "2167"]
[BlackElo "2251"]
[PlyCount "100"]
[EventDate "2022.??.??"]

1. e4 c5 2. Nc3 d6 3. g3 Nc6 4. Bg2 Nf6 5. d3 e6 6. Be3 d5 7. exd5 exd5 8. Bg5 Be6 9. Bxf6 gxf6 10. Nge2 d4 11. Ne4 f5 12. Nd2 Bh6 13. Nb3 Bd5 14. O-O Bxg2 15. Kxg2 Qd5+ 16. f3 Be3 17. c3 h5 18. cxd4 cxd4 19. Qc2 Ne5 20. Qc5 Qxc5 21. Nxc5 Rc8 22. f4 Ng4 23. Nxb7 Rc2 24. Rae1 Kd7 25. h3 Nf6 26. b4 Rxa2 27. Kf3 Rb8 28. Nc5+ Kd6 29. Ra1 Rxa1 30. Rxa1 Rxb4 31. Ra6+ Rb6 32. Rxb6+ axb6 33. Nb3 Kd5 34. Na1 Bd2 35. Nc2 Bc3 36. Nxc3+ dxc3 37. Ke2 b5 38. Ne3+ Ke6 39. Nc2 Kd6 40. Ne3 b4 41. Nxf5+ Kc5 42. Kd1 b3 43. Kc1 Nd5 44. d4+ Kc4 45. Nd6+ Kd3 46. Nxf7 Nb4 47. Ne5+ Kxd4 48. Nf3+ Ke3 49. Ne1 Ke2 50. Nc2 bxc2 0-1

[Event "SK Schwäbisch Hall - TSV Schönaich 2"]
[Site "?"]
[Date "2022.11.27"]
[Round "4.6"]
[White "Kapusta, Petr"]
[Black "Petzold, Tristan"]
[Result "1/2-1/2"]
[WhiteElo "2150"]
[BlackElo "2122"]
[PlyCount "203"]
[EventDate "2022.??.??"]

1. e4 e5 2. Nf3 Nc6 3. Bc4 Bc5 4. c3 Nf6 5. d3 h6 6. O-O d6 7. a4 a5 8. Be3 Ba7 9. Nbd2 O-O 10. h3 Ne7 11. Bxa7 Rxa7 12. d4 Ng6 13. Re1 Ra8 14. Qb3 c6 15. dxe5 dxe5 16. Nf1 Nh7 17. Rad1 Qf6 18. Ng3 Nf4 19. Re3 g6 20. Qb6 Ng5 21. Nxg5 Qxg5 22. Bf1 h5 23. Kh2 h4 24. Ne2 Ne6 25. Red3 Ra6 26. Qe3 Qxe3 27. Rxe3 Rb6 28. Rb1 Nc5 29. b4 Be6 30. Ng1 Ra8 31. b5 Nxa4 32. c4 Nc5 33. Nf3 a4 34. Ra3 Nxe4 35. Re1 cxb5 36. cxb5 Nd6 37. Nxe5 Nxb5 38. Bxb5 Rxb5 39. Nxg6 Rb3 40. Raa1 a3 41. Nxh4 a2 42. Nf3 Rxf3 43. gxf3 Ra4 44. Re5 Rb4 45. Rxe6 fxe6 46. Rxa2 Kg7 47. Kg3 Kf6 48. Ra8 e5 49. h4 b5 50. Rf8+ Kg6 51. Rg8+ Kf7 52. Rb8 Kg6 53. Rb6+ Kf5 54. h5 Kg5 55. h6 Rb1 56. h7 Rh1 57. Rxb5 Rxh7 58. Rxe5+ Kf6 59. Ra5 Rh1 60. Kg4 Rg1+ 61. Kf4 Rf1 62. Ra6+ Kf7 63. Kg3 Rg1+ 64. Kf4 Rf1 65. Ra2 Kf6 66. Re2 Ra1 67. Re4 Rf1 68. Kg3 Rg1+ 69. Kh2 Rg8 70. Rg4 Ra8 71. Kg3 Kf5 72. f4 Ra3+ 73. f3 Ra1 74. Rg5+ Kf6 75. Rb5 Rg1+ 76. Kf2 Rg8 77. Ra5 Rg7 78. Ra8 Rb7 79. Rf8+ Kg7 80. Rf5 Kg6 81. Ra5 Kf6 82. f5 Rb4 83. Kg3 Rc4 84. f4 Rc1 85. Re5 Rf1 86. Re8 Kxf5 87. Rf8+ Kg6 88. Rg8+ Kf5 89. Rg5+ Kf6 90. Ra5 Kg6 91. Ra3 Kf5 92. Rf3 Rxf3+ 93. Kxf3 Kf6 94. Ke4 Ke6 95. f5+ Kf6 96. Kf4 Kf7 97. Ke5 Ke7 98. f6+ Kf7 99. Kf5 Kf8 100. Kg6 Kg8 101. f7+ Kf8 102. Kf6 1/2-1/2